|
|
|
|
| LEADER |
00000naa a2200000 a 4500 |
| 001 |
vtls011849694 |
| 003 |
SK-MaSNL |
| 005 |
20260302142724.0 |
| 008 |
210910|2004 xo |||||||||||||||||eng| |
| 015 |
|
|
|a SNBCL
|
| 035 |
|
|
|a (urnnbn)urn:nbn:sk:snk:ar-a0aqzv
|
| 035 |
|
|
|a urn:nbn:sk:snk-aaw50m
|
| 035 |
|
|
|a (uuid)20279582-9182-41d3-bef7-614f16ddb4f5
|
| 040 |
|
|
|a SNKBUCL
|b slo
|c SNKBUCL
|e AACR2
|
| 041 |
|
|
|a eng
|
| 044 |
|
|
|a xo
|c SK
|
| 100 |
1 |
|
|a Kurjatko, Stanislav,
|d 1940-
|4 aut
|9 119710
|
| 245 |
1 |
0 |
|a WOOD STRUCTURE AND PROPERTIES - FUNDAMENTALS OF ALL BRANCHES OF WOOD TECHNOLOGY
|c Stanislav Kurjatko, Igor Čunderlík, Jozef Kúdela
|
| 336 |
|
|
|a text
|b txt
|c rdacontent
|
| 337 |
|
|
|a bez média
|b n
|c rdamedia
|
| 338 |
|
|
|a zväzok
|b nc
|c rdacarrier
|
| 655 |
|
7 |
|a články zo zborníkov
|2 snkbucl
|9 166140
|
| 700 |
1 |
|
|a Čunderlík, Igor,
|d 1949-
|4 aut
|9 113336
|
| 700 |
1 |
|
|a Kúdela, Jozef,
|d 1954-
|4 aut
|9 201729
|
| 773 |
0 |
|
|t Wood science
|d Zvolen : Arbora Publishers, 2004
|g S. 119-126
|z 8096886819
|
| 958 |
|
|
|a OND
|
| 958 |
|
|
|a article26
|
| 958 |
|
|
|a chapter
|
| 999 |
|
|
|c 1340513
|d 1342443
|